La palabra : (Registro nro. 9807)
[ vista simple ]
| 000 -LIDER | |
|---|---|
| fixed length control field | 00838nam a22002537a 4500 |
| 001 - NÚMERO DE CONTROL | |
| Identificador de número de control | 00203 |
| 003 - IDENTIFICACDOR DE NÚMERO DE CONTROL | |
| control field | DO-SdBNP |
| 005 - DATE AND TIME OF LATEST TRANSACTION | |
| control field | 20180313133842.0 |
| 007 - CAMPOS FIJOS DE DESCRIPCIÓN FÍSICA | |
| fixed length control field | 00203 |
| 008 - ELEMENTOS DE LONGITUD FIJA | |
| fixed length control field | 160415b mx 1997||||| |||| 00| 0 spa d |
| 020 ## - ISBN | |
| International Standard Book Number | 9701809777 |
| 040 ## - FUENTE DE CATALOGACIÓN | |
| Agencia que crea de manera original el registro | BPMSU |
| Idioma de catalogación | spa |
| Agencia que realiza la transcripción | BPMSU |
| 092 ## - LOCALLY ASSIGNED DEWEY DECIMAL CALL NUMBER | |
| Número de clasificación | xxxxxxxx |
| Número de ítem (Cutter) | xxxxxxxx |
| 245 #3 - MENCIÓN DE TITULO | |
| Título | La palabra : |
| Subtítulo | etapa inicial de educación básica / |
| Mención de responsabilidad | dirección editorial Alberto Rivera Sánchez |
| 260 ## - PUBLICACIÓN, DISTRIBUCIÓN, ETC. (PIE DE IMPRENTA) | |
| Lugar de publicación, distribución, etc | México : |
| Nombre del editor, distribuidor, etc. | INEA, |
| Fecha de publicación, distribución, etc | 1997. |
| 300 ## - DESCRIPCIÓN FÍSICA | |
| Extensión | 211 p. : |
| Otros detalles físicos | il., |
| Dimensiones | 27 cm. |
| 500 ## - NOTA GENERAL | |
| Nota general | Cuaderno de ejercicios |
| 500 ## - NOTA GENERAL | |
| Nota general | En la cubierta. Educacion para la vida y el trabajo--Lengua y comunicación |
| 700 1# - ASIENTO SECUNDARIO -- NOMBRE PERSONAL | |
| Nombre personal | Rivera Sánchez, Alberto, |
| Mención de responsabilidad | dir. ed. |
| 710 ## - ASIENTO SECUNDARIO -- NOMBRE CORPORATIVO | |
| Nombre corporativo o de jurisdicción | Instituto Nacional para la Educación de los Adultos |
| 942 ## - ADDED ENTRY ELEMENTS (KOHA) | |
| Source of classification or shelving scheme | Dewey Decimal Classification |
| Koha item type | Libros |
| 945 ## - INFORMACIÓN DE PROCESAMIENTO LOCAL | |
| Información de procesamiento local | Remanejado para la BNPHU / 2018 VM |
| 956 ## - LOCAL ELECTRONIC LOCATION AND ACCESS (OCLC) | |
| Nombre de host | BRENDA TAVÁREZ |
| Withdrawn status | Lost status | Source of classification or shelving scheme | Damaged status | Not for loan | Collection code | Home library | Current library | Date acquired | Source of acquisition | Total Checkouts | Barcode | Date last seen | Price effective from | Koha item type | Copy number |
|---|---|---|---|---|---|---|---|---|---|---|---|---|---|---|---|
| Dewey Decimal Classification | Colección Escolar | Biblioteca Pública Metropolitana Salomé Ureña | Biblioteca Pública Metropolitana Salomé Ureña | 04/15/2016 | Donación | BPMSU16040499 | 04/15/2016 | 04/15/2016 | Libros | ||||||
| Dewey Decimal Classification | Colección Escolar | Biblioteca Pública Metropolitana Salomé Ureña | Biblioteca Pública Metropolitana Salomé Ureña | 04/15/2016 | Donación | BPMSU16040500 | 04/15/2016 | 04/15/2016 | Libros | ej. 2 | |||||
| Dewey Decimal Classification | Colección Escolar | Biblioteca Pública Metropolitana Salomé Ureña | Biblioteca Pública Metropolitana Salomé Ureña | 04/15/2016 | Donación | BPMSU16040501 | 04/15/2016 | 04/15/2016 | Libros | ej. 3 |